| 000 | 00360nam a2200133Ia 4500 | ||
|---|---|---|---|
| 003 | PILC | ||
| 008 | 220421s2006 xx 000 0 und d | ||
| 040 | _cEARIST LIBRARY | ||
| 100 | _aDagoon, Jesse D. | ||
| 245 | 0 | _aTeaching Startegies in Livelihood and Vocational Educational Today / | |
| 260 |
_aManila, _bRex : _c2006. |
||
| 999 |
_c2673 _d2673 |
||
| 942 |
_2ddc _cBK |
||